000 00428nam a2200181Ia 4500
005 20250423100806.0
008 250422s9999 xx 000 0 und d
020 _a0-201-56769-5
050 _aHF 5415 .M2616/
100 _aRegis Mckenna
245 0 _aRelationship Marketing
260 _aNew York
260 _bAddison - Wesley PUblishing Co
260 _c1991
300 _a231 p
650 _aMarketing
942 _cBK
999 _c34354
_d34354